000
00314nam a22001337a 4500
008
170529b xxu||||| |||| 00| 0 eng d
020
_a
0299092208
041
_a
eng
080
_a
94
100
_a
16
101
_a
SHH
245
_a
URBAN WORKERS AND LABOR UNIONS IN CHILE 1902-1927
_c
DESHAZO.P
942
_2
udc
_c
BK
999
_c
14951
_d
14951